000 00649nam a2200277Ia 4500
005 20260324114852.0
008 008 260324s9999 xx 000 0 eng d
020 _a9781003213444
037 _aEBOOK
040 _aCRL
040 _beng
040 _cCRL
041 _2eng
041 _aeng
084 _qCRL
100 _aVladimir Rakočević
_91152474
245 0 _aFixed Point Results in W-Distance Spaces
260 _bTaylor and Francis
260 _c2021
365 _a
365 _b340
856 _uhttp://www.taylorfrancis.com/books/9781003213444
942 _cEBOOK
999 _c1742914
_d1742914